000 00650nam a2200229 i 4500
001 C2-0277028
003 PPAK
005 20180728005210.0
008 061227s1992 xx a|||| ||||| | may d
040 _aPPAK
_beng
_cPPAK
_erda
082 0 4 _a726.20959
_223
090 0 0 _a726.20959
_bABD
_dKAA
100 0 _aAbdul Halim Nasir,
_eauthor
245 1 0 _aCiri - Ciri Islam Dalam Senibina Tradisi Melayu - Rumah Dan Masjid
264 1 _c1992
300 _a2 pages :
_billustrations ;
_c30 cm
336 _2rdacontent
_atext
337 _2rdamedia
_aunmediated
338 _2rdacarrier
_avolume
650 1 0 _aMosque - Malay archipelago
942 _ddc
_cB
999 _c84300
_d84300